Historia de la M. N. y M. L. provincia de Guipúzcoa (Record no. 165559)

MARC details
000 -LEADER
campo de control de longitud fija 01082nam a22002535i 4500
001 - NÚMERO DE CONTROL
campo de control 165559
003 - IDENTIFICADOR DE NÚMERO DE CONTROL
campo de control ES-MaACL
005 - FECHA Y HORA DE LA ÚLTIMA TRANSACCIÓN
campo de control 20250627063658.0
008 - DATOS DE LONGITUD FIJA--INFORMACIÓN GENERAL
campo de control de longitud fija 990908s1864 sp ab |||| | spa d
040 ## - FUENTE DE CATALOGACIÓN
Centro catalogador/agencia de origen EUS
Lengua de catalogación spa
Centro/agencia transcriptor EUS
080 ## - NÚMERO DE LA CLASIFICACIÓN DECIMAL UNIVERSAL
Número de la Clasificación Decimal Universal 908(460.154)
080 ## - NÚMERO DE LA CLASIFICACIÓN DECIMAL UNIVERSAL
Número de la Clasificación Decimal Universal 94(460.154)".../1860"
100 1# - ENTRADA PRINCIPAL--NOMBRE DE PERSONA
Nombre de persona Soraluce y Zubizarreta, Nicolás de,
Fechas asociadas al nombre 1820-1884
9 (RLIN) 132822
245 10 - MENCIÓN DEL TÍTULO
Título Historia de la M. N. y M. L. provincia de Guipúzcoa
Resto del título : precedida de la guia descriptiva y plano de la misma /
Mención de responsabilidad, etc. por... Nicolás de Soraluce.
260 ## - PUBLICACIÓN, DISTRIBUCIÓN, ETC.
Lugar de publicación, distribución, etc. Madrid :
Nombre del editor, distribuidor, etc. [s.n.],
Fecha de publicación, distribución, etc. 1864 (
Fabricante Establecimiento Tipografico a cargo de D. Joaquin Bernat...)
300 ## - DESCRIPCIÓN FÍSICA
Extensión XIII, 408 p., [1] h. de map. pleg. ;
Dimensiones 18 cm.
597 ## - NOTA DE DESCRIPCIÓN FÍSICA
NOTA DE DESCRIPCIÓN FÍSICA Antep.
599 ## - NOTA A LAS ILUSTRACIONES
NOTA A LAS ILUSTRACIONES La h. de map. tip. representa Guipúzcoa.
651 #4 - PUNTO DE ACCESO ADICIONAL DE MATERIA--NOMBRE GEOGRÁFICO
Nombre geográfico Guipúzcoa-
Subdivisión general Descripción.
9 (RLIN) 8811
651 #4 - PUNTO DE ACCESO ADICIONAL DE MATERIA--NOMBRE GEOGRÁFICO
Nombre geográfico Guipúzcoa-
Subdivisión general Historia.
9 (RLIN) 8813
852 ## - LOCALIZACIÓN
Ubicación ES-MaACL
Número de control de estantería G-1315
Nota libre -- Enc. hol.
856 ## - LOCALIZACIÓN Y ACCESO ELECTRÓNICOS
Identificador Uniforme de Recursos <a href="http://bibliotecadigitalhispanica.bne.es:80/webclient/DeliveryManager?pid=1865448&custom_att_2=simple_viewer">http://bibliotecadigitalhispanica.bne.es:80/webclient/DeliveryManager?pid=1865448&custom_att_2=simple_viewer</a>
Nota pública Ir a la página
Holdings
Estatus retirado Estado de pérdida Estado de daño No para préstamo Colección Biblioteca de origen Biblioteca actual Ubicación en estantería Fecha de adquisición Fuente de adquisición Total de préstamos Signatura topográfica completa Código de barras Visto por última vez Precio de reemplazo Tipo de ítem Koha
        Colección digital Biblioteca del Ateneo de Madrid Biblioteca del Ateneo de Madrid Depósito 2 17/01/2008     G-1315 1173620 23/02/2023 23/02/2023 Libro impreso antiguo